000
00324nam a2200109Ia 4500
008
171204s9999 xx 000 0 und d
245
_a
Large Scale and Big Data: Processing and Management:
245
_c
Sherif Sakr
260
_c
2014
650
_x
Database Management
856
_u
http://down.ebook777.com/050/1466581506.pdf
999
_c
345890
_d
345890